000 00727nam a2200205Ia 4500
005 20260121110224.0
008 008 260114s9999 xx 000 0 hin d
020 _a9788132358206
037 _aEBOOK
040 _aCRL
_bhin
_cCRL
041 _ahin
_2hin
084 _qCRL
100 _aविनोद भाटी / Vinod Bhati
_9943541
245 0 _a21वीं सदी का भारत: एक नए मुकाम की ओर अग्रसर / 21vi Sadi Ka Bharat: Ek Naye Mukam Ki Aur Agrasar
260 _bभाषा प्रकाशन / Bhasha Prakashan
_c2021
856 _uhttps://bhashaprakashan.com/product-details/378961
942 _cEBOOK
999 _c1535206
_d1535206